01169nam a2200313Ia 4500001001200000003000800012006001900020007001500039008004100054020001500095020001800110040002100128035002000149050002600169100002200195245011100217260004600328300002400374504005100398533015200449650001400601650001200615650001300627655002900640700002400669710001700693856012600710999001900836ebr10426626CaPaEBRm u cr cn|||||||||051116s2006 enka sb 001 0 eng d z0198567545 z9780198567547 aCaPaEBRcCaPaEBR a(OCoLC)6428217714aQA862.P4bB356 2005eb1 aBaker, Gregory L.14aThe pendulumh[electronic resource] :ba case study in physics /cGregory L. Baker and James A. Blackburn. aOxford :bOxford University Press,c2006. axii, 288 p. :bill. aIncludes bibliographical references and index. aElectronic reproduction.bPalo Alto, Calif. :cebrary,d2010.nAvailable via World Wide Web.nAccess may be limited to ebrary affiliated libraries. 0aPendulum. 0aMotion. 0aPhysics. 7aElectronic books.2local1 aBlackburn, James A.2 aebrary, Inc.40uhttp://site.ebrary.com/lib/rucke/Doc?id=10426626zAn electronic book accessible through the World Wide Web; click to view c144667d144667